UBT Library

LATINO HISTORY AND CULTURE (Record no. 59645)

000 -LEADER
fixed length control field 00337nam a22001457a 4500
008 - FIXED-LENGTH DATA ELEMENTS--GENERAL INFORMATION
fixed length control field 230502b ||||| |||| 00| 0 eng d
020 ## - INTERNATIONAL STANDARD BOOK NUMBER
International Standard Book Number 9780765680839
041 ## - LANGUAGE CODE
Language code of text/sound track or separate title eng
080 ## - UNIVERSAL DECIMAL CLASSIFICATION NUMBER
Edition identifier VOLUME ONE
Universal Decimal Classification number 030
082 ## - DEWEY DECIMAL CLASSIFICATION NUMBER
Classification number 030LEO
100 ## - Rafti
Rafti 44
101 ## - Shkurtesa
Shkurtesa ENCIKLO
245 ## - TITLE STATEMENT
Title LATINO HISTORY AND CULTURE
Statement of responsibility, etc LEONARD .J.D
942 ## - ADDED ENTRY ELEMENTS (KOHA)
Source of classification or shelving scheme
Item type Books
Holdings
Withdrawn status Lost status Source of classification or shelving scheme Damaged status Not for loan Collection code Permanent location Current location Date acquired Total Checkouts Full call number Barcode Date last seen Price effective from Koha item type
          Koleksioni i përgjithshem UBT - Lipjan UBT - Lipjan 05/02/2023   030LEO 002-80008058 05/02/2023 05/02/2023 Books
          Koleksioni i përgjithshem UBT - Lipjan UBT - Lipjan 05/02/2023   030LEO 002-80008059 05/02/2023 05/02/2023 Books
UBT Library © 2015-2024. All rights reserved University Education for Business and Technology